000
00219nam a22000857a 4500
008
161108b xxu||||| |||| 00| 0 eng d
100
_9
1066
_a
Pandey.V.K.
245
_a
Information Technology-VI
260
_a
New Delhi
_b
APC
_c
2012
999
_c
3723
_d
3723